000 00592cam a22002291 4500
001 sa 65002761
003 DLC
005 20260227112118.0
008 891227s1964 ii b 000 0 hino
010 _asa 65002761
035 _a(OCoLC)20822128
040 _aDLC
_cWaU
_dDLC
042 _apremarc
050 0 0 _aPK1934
_b.S55
100 1 _aSiṃha, Muralī Manohara Prasāda,
_d1936-
245 1 0 _aAlaṅkāra-mīmāṃsā.
260 _c[1964]
300 _a5, 293, [1] p.
_c22 cm.
500 _aIn Hindi.
504 _aBibliography: p. [294]
650 0 _aHindi language
_xRhetoric.
999 _c62800
_d62800